[Event "WYCC 2018 O18"]
[Site "Halkidiki"]
[Date "2018.10.23"]
[Round "5"]
[White "Veleshnja, Zino"]
[Black "Krstic, Milos"]
[Result "1-0"]
[WhiteElo "2155"]
[BlackElo "2171"]
[Annotator "NA"]
[PlyCount "100"]
[EventDate "2018.10.20"]
[EventType "swiss"]
[EventCountry "GRE"]
[SourceTitle "playchess.com"]
[Source "ChessBase"]
[SourceQuality "1"]
[TimeControl "40/5400+30:1800+30"]

1. d4 {[%emt 0:00:00]} Nf6 {[%emt 0:00:00]} 2. Bf4 {[%emt 0:00:00]} e6 {[%emt 0:00:00]} 3. e3 {[%emt 0:00:00]} d5 {[%emt 0:00:01]} 4. c3 {[%emt 0:00:06]} Bd6 {[%emt 0:01:24]} 5. Bg3 {[%emt 0:00:06]} O-O {[%emt 0:01:15]} 6. Bd3 {[%emt 0:00:13]} c5 {[%emt 0:01:23]} 7. Nf3 {[%emt 0:00:12]} Nc6 {[%emt 0:01:13]} 8. Nbd2 {[%emt 0:00:07]} b6 {[%emt 0:01:33]} 9. Ne5 {[%emt 0:00:02]} Bb7 {[%emt 0:01:44]} 10. O-O {[%emt 0:00:03]} Qc7 {[%emt 0:01:29]} 11. f4 {[%emt 0:00:22]} Ne7 {[%emt 0:01:46] D02: 1 d4 d5 2 Nf3 sidelines, including 2...Nf6 3 g3 and 2...Nf6 3 Bf4} 12. Qb1 {[%emt 0:00:25]} c4 $146 {[%emt 0:22:23]} ({Predecessor:} 12... Qc8 13. Bh4 Nf5 14. Bxf5 exf5 15. Bxf6 gxf6 16. Nef3 Qe6 17. Re1 Ba6 18. Nh4 cxd4 19. exd4 {1-0 (28) Korobov,A (2692)-Dominguez Perez,L (2739) Doha 2016}) 13. Bc2 {[%emt 0:00:11]} Nf5 {[%emt 0:09:15]} 14. Bf2 {[%emt 0:04:41]} Be7 {[%emt 0:04:25]} 15. Bxf5 {[%emt 0:22:14]} exf5 {[%emt 0:00:07]} 16. Qxf5 {[%emt 0:04:58]} Ne4 {[%emt 0:00:57]} 17. Nxe4 {[%emt 0:00:29]} Bc8 {[%emt 0:00:12]} 18. Qh5 {[%emt 0:01:27]} dxe4 {[%emt 0:00:06]} 19. Bh4 {[%emt 0:02:36]} g6 {[%emt 0:07:17]} 20. Qh6 {[%emt 0:01:12]} f6 {[%emt 0:04:07]} 21. Nxg6 {[%emt 0:00:28]} hxg6 $16 {[%emt 0:00:06]} 22. Qxg6+ {[%emt 0:00:07]} Kh8 {[%emt 0:00:04]} 23. f5 {[%emt 0:03:06]} Bd8 {[%emt 0:05:18]} 24. Qh6+ {[%emt 0:02:19]} Kg8 {[%emt 0:00:09]} 25. Rf4 {[%emt 0:02:01]} Rf7 {[%emt 0:00:40]} 26. Rxe4 {[%emt 0:00:51]} Qd7 {[%emt 0:02:11]} 27. Rf1 {[%emt 0:05:31]} Bb7 {[%emt 0:05:59]} 28. Re6 {[%emt 0:03:25]} Bd5 {[%emt 0:06:02]} 29. Bxf6 {[%emt 0:01:56]} Bxf6 {[%emt 0:02:11]} 30. Rxf6 {[%emt 0:00:18]} Rxf6 {[%emt 0:03:40]} 31. Qxf6 {[%emt 0:00:08]} Qg7 {[%emt 0:02:46]} 32. Qxg7+ {[%emt 0:00:11]} Kxg7 {[%emt 0:00:01]} 33. g4 {[%emt 0:02:20]} Re8 {[%emt 0:02:08]} 34. Kf2 {[%emt 0:00:15]} Rh8 {[%emt 0:00:39]} 35. Kg3 {[%emt 0:01:06]} Re8 {[%emt 0:01:06]} 36. Re1 {[%emt 0:05:32]} Re4 {[%emt 0:00:05]} 37. g5 {[%emt 0:04:19]} a5 {[%emt 0:00:32]} 38. h4 {[%emt 0:01:12]} b5 39. a3 Bf7 {[%emt 0:01:46]} 40. Kf3 {[%emt 0:00:00]} Bd5 {[%emt 0:00:00]} 41. h5 Rxd4+ {[%emt 0:03:57]} 42. e4 {[%emt 0:06:23]} Rd3+ 43. Kf4 {[%emt 0:01:12]} Bc6 {[%emt 0:01:35]} 44. h6+ {[%emt 0:00:28]} Kh7 {[%emt 0:00:11]} 45. Rh1 Rd2 46. g6+ {[%emt 0:01:13]} Kh8 {[%emt 0:01:18]} 47. g7+ {[%emt 0:01:03]} Kh7 {[%emt 0:00:04]} 48. Rg1 {[%emt 0:00:14]} Rd8 {[%emt 0:00:16]} 49. f6 {[%emt 0:00:12]} Re8 {[%emt 0:00:02]} 50. f7 {[%emt 0:00:28]} Rxe4+ {[%emt 0:00:02] Kxe4} 1-0

[Event "WYCC 2018 O18"]
[Site "Halkidiki"]
[Date "2018.10.23"]
[Round "5"]
[White "Giesinger, Elias"]
[Black "Stijve, Theo"]
[Result "1-0"]
[WhiteElo "2131"]
[BlackElo "2345"]
[Annotator "NA"]
[PlyCount "71"]
[EventDate "2018.10.20"]
[EventType "swiss"]
[EventCountry "GRE"]
[SourceTitle "playchess.com"]
[Source "ChessBase"]
[SourceQuality "1"]
[TimeControl "40/5400+30:1800+30"]

1. d4 {[%emt 0:00:00]} Nf6 {[%emt 0:00:12]} 2. Nf3 {[%emt 0:00:00]} d5 {[%emt 0:00:12]} 3. c4 {[%emt 0:00:37]} e6 {[%emt 0:00:07]} 4. g3 {[%emt 0:00:04]} Be7 {[%emt 0:00:08]} 5. Bg2 {[%emt 0:00:06]} O-O {[%emt 0:00:06]} 6. O-O {[%emt 0:00:05]} dxc4 {[%emt 0:00:06]} 7. Qc2 {[%emt 0:00:44]} b6 {[%emt 0:00:06] E05: Open Catalan: 5 Nf3 Be7} (7... a6 8. a4 Bd7 9. Qxc4 Bc6 10. Bf4 Nbd7 11. Qc2 Bd6 12. Bg5 h6 13. Bxf6 Nxf6 14. Nbd2 Bb4 15. e3 a5 16. Rfd1 Rc8 17. Rac1 Bxf3 18. Bxf3 c6 {½-½ (42) Ding,L (2804)-Giri,A (2780) Batumi 2018}) 8. Nfd2 {[%emt 0:01:10]} Nd5 {[%emt 0:08:36]} 9. Nxc4 {[%emt 0:01:42]} Bb7 {[%emt 0:01:49]} 10. a3 {[%emt 0:01:20]} c5 {[%emt 0:09:12]} 11. dxc5 {[%emt 0:10:17]} Bxc5 {[%emt 0:10:22]} 12. b4 {[%emt 0:12:33]} Bd4 $146 {[%emt 0:05:04]} ({Predecessor:} 12... Be7 13. Bb2 Nd7 14. Nbd2 Rc8 15. Qb3 {½-½ (34) Kauppila,O (2318)-Pihlajasalo,A (2442) Finland 2015}) 13. Bb2 {[%emt 0:01:02]} Bxb2 {[%emt 0:03:27]} 14. Qxb2 {[%emt 0:02:30]} Qe7 {[%emt 0:02:40]} 15. Nbd2 {[%emt 0:10:52]} Rd8 {[%emt 0:09:13]} 16. Rfd1 {[%emt 0:02:41]} Nd7 {[%emt 0:02:54]} 17. e4 {[%emt 0:05:31]} Nc7 {[%emt 0:04:00]} 18. Rac1 {[%emt 0:01:09]} Nf8 {[%emt 0:08:05]} 19. Ne5 {[%emt 0:13:54]} Qd6 {[%emt 0:07:30]} 20. Nxf7 {[%emt 0:06:21]} Kxf7 {[%emt 0:06:47]} 21. e5 {[%emt 0:00:31]} Qe7 {[%emt 0:02:22]} 22. Bxb7 {[%emt 0:00:09]} Rab8 {[%emt 0:00:11]} 23. Bg2 {[%emt 0:03:47]} Nd5 {[%emt 0:00:57]} 24. Ne4 {[%emt 0:00:29]} Ng6 {[%emt 0:02:20]} 25. Nd6+ $18 {[%emt 0:02:30]} Kg8 {[%emt 0:00:32]} 26. Bxd5 {[%emt 0:06:11]} exd5 {[%emt 0:00:07]} 27. Rxd5 {[%emt 0:00:34]} Nxe5 {[%emt 0:04:05]} 28. Nf5 {[%emt 0:09:26]} Nf3+ {[%emt 0:05:23]} 29. Kg2 {[%emt 0:01:33]} Qb7 {[%emt 0:05:18]} 30. Rxd8+ {[%emt 0:01:14]} Rxd8 {[%emt 0:00:06]} 31. Qb3+ {[%emt 0:00:23]} Qf7 {[%emt 0:02:27]} 32. Qxf7+ {[%emt 0:01:35]} Kxf7 {[%emt 0:00:02]} 33. Kxf3 {[%emt 0:00:08]} Rd3+ {[%emt 0:00:05]} 34. Kg2 {[%emt 0:00:29]} Rxa3 {[%emt 0:00:05]} 35. Rc7+ {[%emt 0:00:05]} Kf6 {[%emt 0:00:06]} 36. Nxg7 {[%emt 0:00:33]} 1-0

[Event "WYCC 2018 O18"]
[Site "Halkidiki"]
[Date "2018.10.23"]
[Round "5"]
[White "Rengifo Blancas, Renzo Jhonathan"]
[Black "Szustakowski, Antoni"]
[Result "1-0"]
[WhiteElo "2123"]
[BlackElo "2319"]
[Annotator "NA"]
[PlyCount "109"]
[EventDate "2018.10.20"]
[EventType "swiss"]
[EventCountry "GRE"]
[SourceTitle "playchess.com"]
[Source "ChessBase"]
[SourceQuality "1"]
[TimeControl "40/5400+30:1800+30"]

1. d4 {[%emt 0:00:00] Platz,H} Nf6 {[%emt 0:00:00]} 2. c4 {[%emt 0:00:13]} e6 {[%emt 0:00:00]} 3. Nf3 {[%emt 0:00:05]} d5 {[%emt 0:00:00]} 4. g3 {[%emt 0:00:13]} dxc4 {[%emt 0:00:19]} 5. Bg2 {[%emt 0:00:46]} a6 {[%emt 0:00:10]} 6. Ne5 {[%emt 0:01:07]} c5 {[%emt 0:03:49]} 7. Na3 {[%emt 0:00:44]} cxd4 {[%emt 0:06:54] E04: Open Catalan: 5 Nf3} 8. Naxc4 {[%emt 0:00:36]} Bc5 {[%emt 0:08:03] LiveBook: 38 Games} 9. O-O {[%emt 0:00:54]} O-O {[%emt 0:00:11]} 10. Bd2 {[%emt 0:05:35]} (10. Bg5 h6 11. Bxf6 Qxf6 12. Qb3 Nd7 13. Nxd7 Bxd7 14. Qxb7 Bb5 15. Rac1 {½-½ (32) Postny,E (2585)-Mastrovasilis,D (2580) Rio Achaea 2018}) 10... Nbd7 {[%emt 0:13:53]} 11. Nd3 $146 {[%emt 0:07:51]} ({Predecessor:} 11. Rc1 Qe7 12. Nd3 Ra7 13. Nxc5 Nxc5 14. Nb6 Nfd7 15. Bb4 Nxb6 16. Bxc5 Qd8 17. Qxd4 Qxd4 18. Bxd4 {1-0 (18) Platz,H-Zenker,L Binz 1952 EXT 2005 [Platz,H]}) 11... Be7 {[%emt 0:02:21]} 12. Ba5 {[%emt 0:03:03]} Qe8 {[%emt 0:00:12]} 13. Rc1 {[%emt 0:00:55]} Nd5 {[%emt 0:08:31]} 14. Nf4 {[%emt 0:12:38]} b5 {[%emt 0:12:14]} 15. Nxd5 {[%emt 0:13:21]} exd5 {[%emt 0:00:23]} 16. Nb6 {[%emt 0:03:39]} Nxb6 {[%emt 0:00:15]} 17. Bxb6 {[%emt 0:00:04]} Be6 {[%emt 0:01:45]} 18. Qxd4 {[%emt 0:02:50]} Bf6 {[%emt 0:03:45]} 19. Qb4 {[%emt 0:04:41]} Qb8 {[%emt 0:01:49]} 20. Bd4 {[%emt 0:01:43]} Bxd4 {[%emt 0:02:08]} 21. Qxd4 {[%emt 0:02:10]} Rd8 {[%emt 0:06:01]} 22. Rfd1 {[%emt 0:00:05]} Ra7 {[%emt 0:01:48]} 23. Rc6 {[%emt 0:07:17]} Qa8 {[%emt 0:06:47]} 24. Qb6 {[%emt 0:09:02]} h6 {[%emt 0:02:03]} 25. e4 {[%emt 0:05:58]} Rad7 {[%emt 0:02:16]} 26. exd5 {[%emt 0:05:20]} Bxd5 {[%emt 0:00:09]} 27. Bxd5 {[%emt 0:01:08]} Rxd5 {[%emt 0:00:06]} 28. Rxd5 {[%emt 0:00:22]} Rxd5 {[%emt 0:00:05]} 29. Qxa6 {[%emt 0:00:20]} Qxa6 {[%emt 0:00:21]} 30. Rxa6 {[%emt 0:00:03]} Rd2 {[%emt 0:01:00]} 31. b4 {[%emt 0:02:11]} f6 {[%emt 0:01:09]} 32. Ra5 {[%emt 0:01:18]} Kf7 {[%emt 0:03:06]} 33. Rxb5 {[%emt 0:01:59]} Rxa2 {[%emt 0:00:04]} 34. Rb7+ {[%emt 0:00:11]} Kg6 {[%emt 0:00:16]} 35. h4 {[%emt 0:00:13]} h5 {[%emt 0:00:37]} 36. Kg2 {[%emt 0:00:31]} Ra3 {[%emt 0:01:03]} 37. b5 {[%emt 0:00:20]} Rb3 {[%emt 0:00:41]} 38. Kf1 {[%emt 0:01:53]} Rb2 {[%emt 0:02:07]} 39. Kg2 {[%emt 0:00:05]} Rb3 {[%emt 0:00:04]} 40. b6 {[%emt 0:00:00]} Kf5 {[%emt 0:00:00]} 41. Rb8 {[%emt 0:13:44]} Kg4 {[%emt 0:06:01] [#]} 42. Rb7 $11 {[%emt 0:02:07]} (42. Rg8 $1 $16 {[%cal Rg8g7]} Rxb6 43. Rxg7+ Kf5 44. Rh7) 42... Kf5 {[%emt 0:01:47]} 43. Kf1 {[%emt 0:02:55]} Rb2 {[%emt 0:00:06]} 44. Ke1 {[%emt 0:02:41]} Kg6 {[%emt 0:02:34]} 45. Kd1 {[%emt 0:02:33]} Rxf2 {[%emt 0:01:41]} 46. Rc7 {[%emt 0:05:08]} Rb2 {[%emt 0:00:40]} 47. b7 {[%emt 0:00:03]} f5 {[%emt 0:18:49]} 48. Kc1 {[%emt 0:00:04]} Rb5 {[%emt 0:00:04]} 49. Kd2 {[%emt 0:00:44]} Kf6 {[%emt 0:01:47]} 50. Kc3 {[%emt 0:02:07]} Rb1 {[%emt 0:00:07]} 51. Kd4 {[%emt 0:00:37]} g6 {[%emt 0:01:54]} 52. Kc5 {[%emt 0:04:53]} Ke5 {[%emt 0:00:28]} 53. Re7+ {[%emt 0:00:45]} Kf6 {[%emt 0:00:05]} 54. Rd7 {[%emt 0:00:08]} Ke5 {[%emt 0:00:04]} 55. Rd5+ {[%emt 0:00:30]} 1-0

[Event "WYCC 2018 O18"]
[Site "Halkidiki"]
[Date "2018.10.23"]
[Round "5"]
[White "Polyakov, Fedor"]
[Black "Varacalli, Francisco"]
[Result "1-0"]
[WhiteElo "2036"]
[BlackElo "2334"]
[Annotator "NA"]
[PlyCount "109"]
[EventDate "2018.10.20"]
[EventType "swiss"]
[EventCountry "GRE"]
[SourceTitle "playchess.com"]
[Source "ChessBase"]
[SourceQuality "1"]
[TimeControl "40/5400+30:1800+30"]

1. d4 {[%emt 0:00:00]} Nf6 {[%emt 0:01:38]} 2. c4 {[%emt 0:00:12]} g6 {[%emt 0:00:23]} 3. Nc3 {[%emt 0:00:07]} Bg7 {[%emt 0:00:08]} 4. Nf3 {[%emt 0:00:05]} d6 {[%emt 0:02:30]} 5. g3 {[%emt 0:00:08]} O-O {[%emt 0:00:33]} 6. Bg2 {[%emt 0:00:01]} Nbd7 {[%emt 0:00:16]} 7. O-O {[%emt 0:00:03]} e5 {[%emt 0:00:30]} 8. d5 {[%emt 0:00:30]} a5 {[%emt 0:01:02]} 9. Bg5 {[%emt 0:00:43] E67: King's Indian: Fianchetto: 6...Nbd7} (9. e4 Nc5 10. Qc2 Nh5 11. Be3 f5 12. exf5 Bxf5 13. Qd2 b6 14. Ng5 Nf6 15. Bxc5 bxc5 16. Bh3 Bxh3 17. Nxh3 Qd7 18. Kg2 Qg4 19. f4 Nh5 20. Rae1 exf4 21. Nxf4 Bh6 22. Nce2 Rae8 23. Qxa5 Bxf4 24. Nxf4 Rxe1 {0-1 (24) Golubov,S (2481)-Gupta,A (2637) Abu Dhabi 2016}) 9... h6 {[%emt 0:02:08]} 10. Bxf6 {[%emt 0:00:51]} Bxf6 {[%emt 0:03:05]} 11. Ne1 $146 {[%emt 0:09:51]} ({Predecessor:} 11. Qc2 Nc5 12. a3 a4 13. e4 Bg4 14. Nd2 Bg5 15. f4 exf4 16. gxf4 Bf6 17. Rae1 Re8 {0-1 (37) Timm,C (1651)-Silz,E (2002) Berlin 2018}) 11... Bg7 {[%emt 0:09:48]} 12. Nd3 {[%emt 0:02:21]} f5 {[%emt 0:06:27]} 13. e4 {[%emt 0:00:39]} f4 {[%emt 0:06:42]} 14. g4 {[%emt 0:02:00]} f3 {[%emt 0:04:51]} ({Better is} 14... b6 $17) 15. Bxf3 {[%emt 0:00:10]} Qh4 {[%emt 0:01:57]} 16. Bg2 {[%emt 0:02:08]} h5 {[%emt 0:17:03]} 17. h3 {[%emt 0:04:08]} Nb6 {[%emt 0:02:30]} 18. c5 {[%emt 0:01:47]} dxc5 {[%emt 0:01:40]} 19. Nxc5 {[%emt 0:03:11]} hxg4 {[%emt 0:00:15]} 20. hxg4 {[%emt 0:00:25]} Bh6 {[%emt 0:02:14]} 21. Qd3 {[%emt 0:05:29]} Bxg4 {[%emt 0:01:09]} 22. Ne2 $19 {[%emt 0:04:34]} Bxe2 {[%emt 0:04:28]} 23. Qxe2 {[%emt 0:01:14]} Bf4 {[%emt 0:00:15]} 24. Rfd1 {[%emt 0:01:44]} Nc4 {[%emt 0:03:16]} 25. Rd3 {[%emt 0:05:32]} Qh2+ {[%emt 0:04:14]} 26. Kf1 {[%emt 0:00:11]} Bg3 {[%emt 0:00:26]} 27. Rxg3 {[%emt 0:16:25]} Qxg3 {[%emt 0:00:27]} 28. Kg1 {[%emt 0:01:28]} Qh4 {[%emt 0:01:48]} 29. Rc1 {[%emt 0:01:25]} Nd6 {[%emt 0:00:49]} 30. Rc3 {[%emt 0:00:23]} Rf4 {[%emt 0:03:08]} 31. Ne6 {[%emt 0:06:50]} Rf7 {[%emt 0:04:39]} 32. Rg3 {[%emt 0:03:29]} Rh7 {[%emt 0:01:41]} 33. Rxg6+ {[%emt 0:03:14]} Kh8 {[%emt 0:00:35]} 34. f4 {[%emt 0:02:01]} Rg8 {[%emt 0:01:15]} 35. f5 {[%emt 0:05:34]} Ne8 {[%emt 0:00:55]} 36. Qf3 {[%emt 0:02:37]} Rh6 {[%emt 0:01:06]} 37. Rxg8+ {[%emt 0:02:11]} Kxg8 {[%emt 0:00:02]} 38. Qc3 {[%emt 0:00:14]} Qh2+ {[%emt 0:01:08]} 39. Kf1 {[%emt 0:00:01]} Rh7 {[%emt 0:02:07]} 40. Qxa5 {[%emt 0:00:00]} Qh6 {[%emt 0:00:00]} 41. Qc3 {[%emt 0:11:26]} Qf6 {[%emt 0:05:37]} 42. a4 {[%emt 0:07:01]} Rh4 {[%emt 0:03:12]} 43. Qg3+ {[%emt 0:03:36]} Kh8 {[%emt 0:00:45]} 44. Kg1 {[%emt 0:04:26]} Nd6 {[%emt 0:00:56]} 45. Nf8 {[%emt 0:02:55]} Rh5 {[%emt 0:10:55]} 46. Ng6+ {[%emt 0:02:54]} Kh7 {[%emt 0:00:04]} 47. Qxe5 {[%emt 0:02:07]} Qxe5 {[%emt 0:01:24]} 48. Nxe5 {[%emt 0:00:02]} Kg7 {[%emt 0:02:44]} 49. Nd7 {[%emt 0:01:01]} Rh4 {[%emt 0:00:33]} 50. f6+ {[%emt 0:00:28]} Kg6 {[%emt 0:00:34]} 51. e5 {[%emt 0:00:17]} Rh7 {[%emt 0:00:41]} 52. Nf8+ {[%emt 0:00:11]} Kf5 {[%emt 0:00:12]} 53. Nxh7 {[%emt 0:00:03]} Kxe5 {[%emt 0:00:09]} 54. Bf3 {[%emt 0:00:30]} Kf5 {[%emt 0:00:10]} 55. Bh5 {[%emt 0:00:09]} 1-0

[Event "WYCC 2018 O18"]
[Site "Halkidiki"]
[Date "2018.10.23"]
[Round "5"]
[White "Zhu, Brandon"]
[Black "Szabo, Marton Mihaly"]
[Result "1/2-1/2"]
[WhiteElo "1914"]
[BlackElo "2307"]
[Annotator "TA"]
[PlyCount "173"]
[EventDate "2018.10.20"]
[EventType "swiss"]
[EventCountry "GRE"]
[SourceTitle "playchess.com"]
[Source "ChessBase"]
[SourceQuality "1"]

{[%evp 15,173,39,62,-12,0,-95,-56,-64,-20,-75,-4,-16,-24,-13,-11,-28,27,-16,6,-59,2,6,98,83,176,45,44,24,46,-8,163,167,172,172,169,74,201,0,279,276,289,284,344,281,251,149,137,0,81,94,93,78,152,144,158,77,76,75,86,83,85,57,78,40,70,68,79,70,121,63,71,62,139,87,83,0,118,0,100,0,78,62,64,64,139,139,139,139,139,139,142,132,132,142,119,101,150,155,137,153,165,155,179,112,112,102,199,187,271,84,152,102,101,101,101,104,110,0,111,37,153,81,87,0,160,168,162,-8,0,0,0,0,0,0,0,-6,-3,-6,0,0,0,0,0,0,0,-8,-8,-8,0,0,0,-8,-8,-8,-8,-8,-8,-8,0,0]} 1. e4 c5 2. Nf3 e6 3. Nc3 a6 4. d4 cxd4 5. Nxd4 Qc7 6. Bd3 Nf6 7. O-O d6 8. f4 Nbd7 {LiveBook: 101 Games} 9. g4 {B43: Sicilian: Kan Variation: 5 Nc3} (9. a4 $14) (9. Kh1 b5 10. Qe2 Bb7 11. Bd2 Be7 12. b4 O-O 13. a4 bxa4 14. Nxa4 d5 15. e5 Ne4 16. Be1 Nb6 17. Nb2 Rfd8 18. Qe3 Rac8 19. c4 Nd2 20. Bxd2 dxc4 {0-1 (39) Degraeve,J (2592)-Van Wely,L (2663) Chartres 2017}) 9... h6 10. g5 $146 (10. h3 $11 {keeps the balance.}) ({Predecessor:} 10. Qf3 Be7 11. Qh3 Nc5 12. g5 Nfd7 13. g6 O-O 14. f5 fxg6 15. fxe6 Rxf1+ 16. Bxf1 Nf6 {1-0 (33) Eggleston,D (2327)-Jackson,O (2192) Blackpool 2012}) 10... hxg5 $17 11. fxg5 {Black is slightly better.} Nh5 12. g6 (12. a4 $11) 12... Nhf6 (12... Ne5 $1 $17 13. gxf7+ Nxf7) 13. gxf7+ $11 Kxf7 14. Nf3 Ne5 15. Qe2 b5 ({But not} 15... Nxd3 16. cxd3 Kg8 17. Bg5 $14) (15... Be7 $142) 16. Be3 Bb7 17. Bd4 (17. Qg2 $11) 17... Nxf3+ (17... Kg8 $15) 18. Rxf3 e5 (18... Be7 $1 $11) 19. Be3 Rh4 (19... Kg8 $16 {was necessary.}) 20. Raf1 (20. Qg2 $18) 20... Be7 $1 $14 21. R3f2 $36 {[%mdl 2048] Black is under pressure.} Rah8 22. a4 (22. Bg5 $14) 22... b4 $2 (22... d5 $1 $11 23. exd5 (23. axb5 d4 $11) 23... e4 24. Nxe4 Bxd5) 23. Nd5 $1 $18 {[%cal Rd5c7]} Bxd5 24. exd5 a5 25. Bg5 (25. Rg2 $1 $18 {and White stays clearly on top.}) 25... R4h5 (25... Qc5 $16 {keeps fighting.}) 26. Qg4 $2 (26. Rg2 $1 $18 Kf8 27. Bg6 Rxg5 28. Rxg5) 26... Rxg5 $4 {[%mdl 8192]} (26... Qc8 $11 27. Qe6+ Qxe6 28. dxe6+ Kxe6 29. Bf5+ Kd5) 27. Qxg5 Rh6 28. Qf5 Qc5 29. Qe6+ Ke8 {[%cal Bf7e8,Be8d8,Bd8c7][%mdl 32]} 30. Bb5+ ({White should try} 30. c4 $18) 30... Kd8 $16 31. Bd3 (31. Bc6 $16) 31... Qxd5 (31... Ke8 $1 $11 {remains equal.}) 32. Qxd5 Nxd5 33. Rf7 Nf4 (33... g5 $142) 34. Rxg7 d5 35. Rg8+ (35. Bb5 $142 $1) 35... Kc7 36. Ra8 {Strongly threatening Ra7+.} Bc5+ 37. Kh1 Bb6 38. Re8 Kd6 39. Rg8 Bd4 40. Ra8 Bb6 41. Bb5 Rh4 (41... Rh3 $14) 42. Rf8 (42. c4 $16) 42... Bd4 $14 43. b3 Ke7 (43... Rh3 $14) 44. Re8+ (44. Ra8 $142) 44... Kd6 $16 45. Rf8 Ke7 $1 {[%cal Re7f8]} 46. Re8+ Kd6 47. Rf8 (47. Rd8+ $16 Kc7 48. Ra8) 47... Be3 (47... Ke7 $1 $11 48. Ra8 Rh3) 48. Rf6+ Ke7 49. Ra6 {Black must now prevent Rf3.} e4 (49... Nh5 $14) 50. Rxa5 Nh5 51. Kg2 Rg4+ 52. Kh3 Rg8 53. Bc6 Nf4+ 54. Rxf4 $1 Bxf4 55. Bxd5 {[%mdl 4096] Endgame KRB-KRB} Rh8+ 56. Kg4 e3 {aiming for ...e2.} 57. Bc4 Bxh2 58. Rb5 Bd6 59. Rb7+ (59. Kf3 $18) 59... Kf6 60. Kf3 Rh3+ (60... Bc5 $16) 61. Ke4 $1 $18 Bc5 (61... Rh4+ {was worth a try.} 62. Kxe3 Bc5+ 63. Kf3 Ke5) 62. Rb5 $2 (62. Rf7+ $1 $18 Kg6 63. Rc7 Rh4+ 64. Kd5) 62... Ba7 ({Better is} 62... Rh4+ 63. Kf3 Rh5) 63. Ra5 Rh4+ 64. Kf3 Rh7 65. Bd3 Rf7 66. Bc4 Rh7 $1 67. Rb5 (67. Kg4 $16) 67... Rh3+ (67... Rh2 $1 $14) 68. Kg2 (68. Kg4 $142 $1 {[%cal Rg4h3]} Rh2 69. Rf5+ Kg6 70. Bd3) 68... Rh4 $16 {[#]} 69. Kf3 (69. Bd3 $142 $1) 69... Rh3+ {[#]} 70. Kg4 $1 {[%cal Rg4h3]} Rh2 71. Rxb4 $2 ({White should play} 71. Rf5+ $18 Kg6 72. Bd3) 71... Rxc2 {The position is equal.} 72. Kf3 {next Be2 is good for White.} Rf2+ 73. Ke4 e2 74. Bxe2 $1 Rxe2+ $11 {KRB-KR} 75. Kd3 Re3+ (75... Re7 {is interesting.} 76. Rb5 Ke6 77. b4 Bf2 78. Kc4 Kd6) 76. Kc4 Re4+ (76... Ke6 {keeps more tension.} 77. Rb7 Re4+ 78. Kb5 Re5+ 79. Kc4 Bf2) 77. Kb5 Rxb4+ 78. Kxb4 {KB-KPP} Ke6 79. Kb5 Kd7 80. Ka6 Bc5 81. Kb7 {And now a5 would win.} Bb4 82. Kb6 Kc8 83. a5 Kb8 84. a6 Ka8 85. Kb5 Bc3 86. b4 Bxb4 87. Kxb4 {Precision: White = 32%, Black = 36%.} 1/2-1/2

[Event "WYCC 2018 O18"]
[Site "Halkidiki"]
[Date "2018.10.24"]
[Round "6"]
[White "Sarana, Alexey"]
[Black "Fakhrutdinov, Timur"]
[Result "1/2-1/2"]
[WhiteElo "2641"]
[BlackElo "2472"]
[Annotator "TA"]
[PlyCount "65"]
[EventDate "2018.10.20"]
[EventType "swiss"]
[EventCountry "GRE"]
[SourceTitle "playchess.com"]
[Source "ChessBase"]
[SourceQuality "1"]

{[%evp 32,65,0,0,0,-25,-21,-29,-35,-35,-14,-18,-18,-27,0,0,0,-2,25,21,26,6,8,0,8,0,0,0,0,0,0,0,6,0,0,0]} 1. d4 {ChessBase Website} Nf6 2. c4 e6 3. Nf3 d5 4. Nc3 dxc4 5. e4 Bb4 6. Bg5 c5 7. Bxc4 cxd4 8. Nxd4 Bxc3+ 9. bxc3 Qa5 10. Bxf6 Qxc3+ 11. Kf1 gxf6 12. Bb5+ Nd7 13. h4 a6 14. Rh3 {D39: Queen's Gambit Declined: Ragozin Defence with 5 Bg5 dxc4} Qb4 15. Be2 Ne5 16. h5 Qd6 17. Qd2 {[#] LiveBook: 4 Games} Bd7 $146 ({Predecessor:} 17... Nc6 18. Rd3 Qh2 19. f4 Rg8 20. Bf3 Bd7 21. Ne2 Qh1+ {½-½ (30) Anand,V (2770)-Kramnik,V (2787) Khanty-Mansiysk 2014 CBM 160 [ChessBase Website]}) 18. f4 Nc6 19. Rd3 {[#] Black must now prevent Nxc6.} Nxd4 20. Rxd4 Qe7 21. Rd1 {[%cal Rd4d7]} Bc6 22. h6 e5 23. Rd6 O-O 24. Bf3 exf4 25. Qxf4 {Qg4+ would kill now.} Qe5 26. Qxf6 Qxf6 {The position is equal.} 27. Rxf6 Rae8 28. Rd4 Re6 {[#]} 29. e5 $1 {[%mdl 512]} Bxf3 (29... Rxe5 30. Bxc6) 30. gxf3 Rxe5 31. Rg4+ Kh8 32. Rg7 Rh5 33. Rgxf7 {Precision: White = 85%, Black = 67%.} 1/2-1/2

[Event "WYCC 2018 O18"]
[Site "Halkidiki"]
[Date "2018.10.24"]
[Round "6"]
[White "Abdusattorov, Nodirbek"]
[Black "Mitrabha, Guha"]
[Result "1-0"]
[WhiteElo "2558"]
[BlackElo "2352"]
[Annotator "TA"]
[PlyCount "79"]
[EventDate "2018.10.20"]
[EventType "swiss"]
[EventCountry "GRE"]
[SourceTitle "playchess.com"]
[Source "ChessBase"]
[SourceQuality "1"]

{[%evp 21,79,54,49,42,72,81,77,70,84,89,139,128,153,152,148,146,155,147,152,147,141,146,166,161,163,163,175,162,199,199,199,199,201,200,200,185,252,241,306,282,344,336,439,424,438,435,433,278,429,422,444,446,560,563,548,529,534,523,671,650]} 1. d4 Nf6 2. c4 e6 3. Nc3 Bb4 4. e3 O-O 5. Bd3 d5 6. Nge2 c5 7. cxd5 exd5 8. a3 cxd4 9. axb4 dxc3 10. Nxc3 {E48: Nimzo-Indian: Rubinstein: 5 Bd3 d5 including 6 Ne2, but excluding 6 a3} Bg4 (10... Nc6 11. b5 Ne5 12. Be2 a5 13. bxa6 bxa6 14. O-O Bb7 15. b3 Nc6 16. Na4 Ne4 17. Ba3 Re8 18. Nc5 Nxc5 19. Bxc5 a5 {1-0 (62) Ivanchuk,V (2726)-Ni,H (2671) Riadh 2017}) 11. f3 Bh5 {LiveBook: 3 Games} 12. O-O {White is slightly better.} Bg6 13. Bxg6 hxg6 14. b5 Qb6 15. g4 $146 {[%cal Bg2g4,Bg4g5,Bg5f6][%mdl 32]} ({Predecessor:} 15. Nxd5 Nxd5 16. Qxd5 Rd8 17. Qg5 Nd7 {½-½ (41) Amigo Roman,P-Garcia Corada,P Valladolid 1986}) 15... Rd8 {[#]} 16. g5 $1 {[%cal Rg5f6]} d4 17. Na4 Qxb5 18. gxf6 Nc6 {aiming for ...dxe3.} 19. exd4 Rxd4 20. Nc3 Qe5 21. Qe2 Qxf6 22. Be3 Rdd8 23. Ra4 Re8 24. Re4 Rxe4 25. Nxe4 Qe5 26. Rd1 Re8 {and if ...f5 works, Black does fine.} 27. Bf2 Qe6 {Black wants to play ...f5.} 28. Re1 Ne5 (28... Re7 {keeps fighting.} 29. Qc2 Qf5) 29. Bg3 ({Resist} 29. Bxa7 Qh3 $18) 29... Nc4 30. b3 Nb6 31. Qb5 Rd8 32. Nd6 Qd7 33. Qxd7 Rxd7 34. Re8+ Kh7 35. Rb8 {White is clearly winning.} a5 36. Nxb7 a4 {And now ...a3 would win.} 37. Nd6 Nd5 38. bxa4 Ra7 {[#]} 39. a5 $1 f5 (39... Rxa5 40. Nxf7) 40. Nc4 {Precision: White = 94%, Black = 51%.} 1-0